Correspondance de Bossue. (Record no. 58989)

MARC details
000 -LEADER
campo de control de longitud fija 01271nam a2200289 i 4500
001 - NÚMERO DE CONTROL
campo de control 58989
003 - IDENTIFICADOR DE NÚMERO DE CONTROL
campo de control ES-MaACL
005 - FECHA Y HORA DE LA ÚLTIMA TRANSACCIÓN
campo de control 20251015063101.0
007 - CAMPO FIJO DE DESCRIPCIÓN FÍSICA--INFORMACIÓN GENERAL
campo de control de longitud fija t|
008 - DATOS DE LONGITUD FIJA--INFORMACIÓN GENERAL
campo de control de longitud fija 140430m19091913fr ||||1| fre d
080 ## - NÚMERO DE LA CLASIFICACIÓN DECIMAL UNIVERSAL
Número de la Clasificación Decimal Universal 821.133.1-6"16"
100 1# - ENTRADA PRINCIPAL--NOMBRE DE PERSONA
Nombre de persona Bossuet, Jacques Bénigne,
Fechas asociadas al nombre 1627-1704
9 (RLIN) 30723
245 10 - MENCIÓN DEL TÍTULO
Título Correspondance de Bossue.
250 ## - MENCION DE EDICION
Mención de edición Nouvelle édition augmentée de lettres inédites et publiées avec des notes et des appendices sous le patronnage de l'Académie française par Ch. Urbain et E. Levesque.
260 ## - PUBLICACIÓN, DISTRIBUCIÓN, ETC.
Lugar de publicación, distribución, etc. Paris :
Nombre del editor, distribuidor, etc. Hachette, 1909-1913.
300 ## - DESCRIPCIÓN FÍSICA
Extensión v. <1-7 > ;
Dimensiones 22 cm.
490 1# - MENCIÓN DE SERIE
Mención de serie Les grands écrivains de la France
500 ## - NOTA GENERAL
Nota general Índice.
505 8# - NOTA DE CONTENIDO CON FORMATO
Nota de contenido con formato Contiene: t. 1. (1651-1676) (VII, 520 p.)-- t. 2. (1677-1683) (526 p.) -- t. 3. (1684-1688) (575 p.) -- t. 4 (1689-1691) (531 p.)-- t. 5 (Janvier-1692-septembre 1693) (557 p.)-- t. 6. (Octobre 1693-décembre 1694) (577 p.) -- t. 7. (Janvier 1695-juin 1695) (537 p.).
700 1# - ENTRADA AGREGADA--NOMBRE PERSONAL
Nombre de persona Urbain, Ch.
9 (RLIN) 112061
700 1# - ENTRADA AGREGADA--NOMBRE PERSONAL
Nombre de persona Brunschvicg, Léon,
Fechas asociadas al nombre 1853-1904
9 (RLIN) 32207
700 0# - ENTRADA AGREGADA--NOMBRE PERSONAL
Nombre de persona Boutroux, Émile.
9 (RLIN) 31064
700 1# - ENTRADA AGREGADA--NOMBRE PERSONAL
Nombre de persona Levesque, Eugène.
9 (RLIN) 154789
830 0# - PUNTO DE ACCESO ADICIONAL DE SERIE-TÍTULO UNIFORME
Título uniforme Les grands écrivains de la France
9 (RLIN) 191990
852 ## - LOCALIZACIÓN
Ubicación ES-MaACL
Número de control de estantería F-5731-37
Holdings
Estatus retirado Estado de pérdida Estado de daño No para préstamo Biblioteca de origen Biblioteca actual Ubicación en estantería Fecha de adquisición Fuente de adquisición Total de préstamos Signatura topográfica completa Código de barras Visto por última vez Precio de reemplazo Tipo de ítem Koha
        Biblioteca del Ateneo de Madrid Biblioteca del Ateneo de Madrid Depósito 2 17/01/2008     F-5731-37 1061879 23/02/2023 23/02/2023 Libro impreso